| 000 | 00948nas a2200325 4500 | ||
|---|---|---|---|
| 001 | BR0703434 | ||
| 003 | BR-BrBNA | ||
| 005 | 20231205110910.0 | ||
| 007 | ta | ||
| 008 | 230509b bl.|||p| |||| 00| 00por d | ||
| 040 |
_aBR-BrBNA _bpor _cBiblioteca Nacional de Agricultura |
||
| 041 | _a(Pt) | ||
| 072 | _aF01; F08 | ||
| 100 | 1 | _aZárate, N.A.H. | |
| 100 | 1 | _aVieira, M. do C. | |
| 100 | 1 | _aOliveira, A.C.P. de | |
| 100 | 1 | _aLima, A.A. de | |
| 245 | 1 | _aProdução e renda bruta de dois cultivares de taro, em cultivo solteiro e consorciado com alface | |
| 650 | _aTARO | ||
| 650 | _aALFACE | ||
| 650 | _aVARIEDADE | ||
| 650 | _aPRODUÇÃO VEGETAL | ||
| 650 | _aRENDIMENTO | ||
| 650 | _aCONSORCIAÇÃO DE CULTURA | ||
| 650 | _aPARTE AÉREA | ||
| 650 | _aLUCRO | ||
| 773 | 0 |
_tSemina (Brazil) _xISSN 1676-546X _g(Jul-Sep 2005), v. 26(3) p. 283-290 _wBR0703434 |
|
| 909 |
_a202311 _bLúcia _c55 _dLúcia Elande |
||
| 942 |
_2AGRIS _n0 _cANA |
||
| 999 |
_c189663 _d189663 |
||